Jojo´s Bizarre Adventure - (Record no. 432)

MARC details
000 -LÍDER
campo de controle de tamanho fixo 01422nam a2200325 4500
001 - NÚMERO DE CONTROLE
campo de controle 432
003 - IDENTIFICADOR DO NÚMERO DE CONTROLE
campo de controle OSt
005 - DATA E HORÁRIO DA ÚLTIMA TRANSAÇÃO
campo de controle 20250624142329.0
008 - CAMPO DE DADOS FIXOS--INFORMAÇÃO GERAL
campo de controle de tamanho fixo 250624b |||||||d |||| 00| 1 eng d
020 ## - ISBN - INTERNATIONAL STANDARD BOOK NUMBER
ISBN - International Standard Book Number 9788542611816
040 ## - FONTE DA CATALOGAÇÃO
Idioma da catalogação por
041 ## - CÓDIGO DE IDIOMA
Código do idioma do original e/ou traduções intermediárias do texto eng
Código do idioma do texto/trilha sonora ou título diferente por
082 ## - CDD - CLASSIFICAÇÃO DECIMAL DE DEWEY
Número de Classificação IJ 028.5
Número do exemplar H668j
100 ## - ENTRADA PRINCIPAL--NOME PESSOAL
Nome pessoal Hirohiko Araki,
Datas associadas ao nome 1960-
9 (RLIN) 939
240 ## - TÍTULO UNIFORME
Título uniforme Jojo´s Bizarre Adventure - Phantom Blood vol. 01
245 ## - TÍTULO
Título Jojo´s Bizarre Adventure -
Restante do título Phantom Blood - vol. 01 /
Indicação de responsabilidade, etc. Hirohiko Araki, Tradução de Renata Leitão
260 ## - PUBLICAÇÃO, DISTRIBUIÇÃO, ETC.
Local de publicação, distribuição, etc. Barueri
Nome do editor, distribuidor, etc. Panini
Data da publicação, distribuição, etc. 2018
300 ## - DESCRIÇÃO FÍSICA
Extensão 307 p.
Outros detalhes físicos il.
490 1# - TÍTULO DA SÉRIE
Título da série Jojo´s Bizarre Adventure - Phantom Blood
Número do volume ou designação sequencial da série vol. 01
520 ## - NOTA DE RESUMO, ETC.
Resumo, etc. Jonathan é o herdeiro único de uma notória família da aristocracia britânica, os Joestar. Tudo o que o jovem queria era ser um cavalheiro e viver de forma tranquila e despreocupada. Porém, seus pacatos dias estão para acabar, pois a chegada do “invasor” Dio Brando fará tudo virar de cabeça para baixo. Além de sofrer diariamente nas mãos de Dio, ainda há a presença sombria de uma misteriosa Máscara de Pedra.
650 #0 - ASSUNTO--TERMO TÓPICO
Cabeçalho tópico ou nome geográfico Literatura Japonesa
9 (RLIN) 534
650 #0 - ASSUNTO--TERMO TÓPICO
Cabeçalho tópico ou nome geográfico Infantojuvenil
9 (RLIN) 200
650 #0 - ASSUNTO--TERMO TÓPICO
Cabeçalho tópico ou nome geográfico Super-heróis
9 (RLIN) 671
650 #0 - ASSUNTO--TERMO TÓPICO
Cabeçalho tópico ou nome geográfico Ação
9 (RLIN) 64
650 #0 - ASSUNTO--TERMO TÓPICO
Cabeçalho tópico ou nome geográfico Terror
9 (RLIN) 141
655 #0 - TERMO DE ÍNDICE--GÊNERO E FORMA
Gênero/forma/ou termo foco Mangá
700 ## - ENTRADA ADICIONADA - NOME PESSOAL
Nome pessoal Renata leitão
Função do autor por extenso Tradução
9 (RLIN) 941
830 ## - ENTRADA SECUNDÁRIA DE SÉRIE--TÍTULO UNIFORME
Título uniforme Jojo´s Bizarre Adventure - Phantom Blood
Número do volume ou designação sequencial da série vol. 01
9 (RLIN) 942
942 ## - ELEMENTOS DE ENTRADA ADICIONADOS (KOHA)
Fonte de classificação ou esquema de arquivamento Classificação decimal de Dewey
Ocultar no OPAC Não
Tipo de material Koha Livros
Holdings
Situação do descarte Situação das perdas Fonte de classificação ou esquema de arquivamento Materiais especificados (volume encadernado ou outra parte) Status danificado Não pode ser emprestado Coleção Biblioteca de origem Biblioteca atual Localização na estante Data de aquisição Fonte de aquisição Total de empréstimos Número de chamada completo Código de barras Data de último acesso Data do preço efetivo Tipo de material Koha
    Classificação decimal de Dewey vol. 01     HQs, Gibis e Mangás Biblioteca Professor Eduardo Afonso de Castro Biblioteca Professor Eduardo Afonso de Castro HQs, Gibis e Mangás 24.06.2025 doação   IJ 028.5 / H668j 2025-17363 24.06.2025 24.06.2025 Livros

Powered by Koha